|
|
|
|
| LEADER |
00000nam2a2200000 4500 |
| 001 |
102281 |
| 005 |
20231031112941.0 |
| 010 |
|
|
|a 5780100985
|
| 035 |
|
|
|a (RuTPU)RU\TPU\book\110294
|
| 035 |
|
|
|a RU\TPU\book\22940
|
| 090 |
|
|
|a 102281
|
| 100 |
|
|
|a 20060921d2000 km y0rusy50 ca
|
| 101 |
0 |
|
|a rus
|
| 102 |
|
|
|a RU
|
| 105 |
|
|
|a a g 001zy
|
| 200 |
0 |
|
|a Том 2. Ограничители перенапряжения
|f сост. А. А. Чунихин идр.
|
| 210 |
|
|
|d 2000
|
| 215 |
|
|
|a 132 с.
|c ил.
|e табл.
|
| 461 |
|
1 |
|0 (RuTPU)RU\TPU\book\110292
|t Аппараты защиты
|f Институт промышленного развития "Информэлектро"
|v Том 2. Ограничители перенапряжения
|d 1999 -
|s Справочник
|
| 610 |
1 |
|
|a электрооборудование
|
| 610 |
1 |
|
|a защита
|
| 610 |
1 |
|
|a предохранители
|
| 610 |
1 |
|
|a конструкции
|
| 610 |
1 |
|
|a марки
|
| 610 |
1 |
|
|a типоисполнение
|
| 610 |
1 |
|
|a схемы
|
| 610 |
1 |
|
|a размеры
|
| 610 |
1 |
|
|a эксплуатация
|
| 610 |
1 |
|
|a применение
|
| 610 |
1 |
|
|a предприятия
|
| 610 |
1 |
|
|a изготовители
|
| 610 |
1 |
|
|a справочники
|
| 610 |
1 |
|
|a ограничители напряжения
|
| 610 |
1 |
|
|a ограничители
|
| 610 |
1 |
|
|a перенапряжения
|
| 675 |
|
|
|a 621.316.9(03)
|v 3
|
| 702 |
|
1 |
|a Чунихин
|b А. А.
|4 220
|
| 702 |
|
1 |
|a Кондратов
|b О. И.
|4 220
|
| 702 |
|
1 |
|a Галтеева
|b Е. Ф.
|4 220
|
| 801 |
|
0 |
|a RU
|b 63413507
|c 20011209
|g PSBO
|
| 801 |
|
2 |
|a RU
|b 63413507
|c 20100818
|g PSBO
|
| 942 |
|
|
|c BK
|